[Event "FICGS rapid B 000214 email"]
[Site "FICGS email"]
[Date "2014.01.05"]
[Round "1"]
[White "Shvetsov, Pavel"]
[Black "Faust, Dieter"]
[Result "1-0"]
[WhiteElo "1801"]
[BlackElo "1730"]
[PlyCount "61"]
[EventDate "2014.??.??"]
[EventType "tourn (rapid)"]
[EventRounds "6"]
[SourceTitle "Corr 2022"]
[Source "ChessBase"]
[SourceDate "2021.10.24"]
[SourceVersion "1"]
[SourceVersionDate "2021.10.24"]
[SourceQuality "1"]

1. e4 c5 2. Nf3 e6 3. d4 cxd4 4. Nxd4 a6 5. Nc3 Nc6 6. Be2 Qc7 7. 0-0 Nf6 8. Be3 Bb4 9. Na4 0-0 10. Nxc6 bxc6 11. f4 Rb8 12. Bf3 e5 13. fxe5 Qxe5 14. Bd4 Qe6 15. e5 Nd5 16. c4 Nf4 17. Bg4 Qh6 18. Qf3 Ng6 19. a3 Ba5 20. Bh5 Bb7 21. Nc5 Bb6 22. Rae1 a5 23. Bxg6 Qxg6 24. Qf4 h6 25. Rf2 Rfe8 26. Re3 Bxc5 27. Bxc5 Qe6 28. Bd6 Rbc8 29. Rg3 Ba6 30. Qh4 f5 31. exf6 1-0

[Event "FICGS class C 000202 email"]
[Site "FICGS email"]
[Date "2014.01.04"]
[Round "1"]
[White "Shvetsov, Pavel"]
[Black "Dialfonso, Darren"]
[Result "0-1"]
[WhiteElo "1801"]
[BlackElo "2000"]
[PlyCount "82"]
[EventDate "2014.??.??"]
[EventType "tourn (corr)"]
[EventRounds "1"]
[SourceTitle "Corr 2022"]
[Source "ChessBase"]
[SourceDate "2021.10.24"]
[SourceVersion "1"]
[SourceVersionDate "2021.10.24"]
[SourceQuality "1"]

1. e4 c5 2. Nf3 d6 3. d4 cxd4 4. Nxd4 Nf6 5. Nc3 a6 6. Be3 e5 7. Nb3 Be6 8. f3 Be7 9. Qd2 0-0 10. 0-0-0 Nbd7 11. g4 b5 12. g5 b4 13. Ne2 Ne8 14. f4 a5 15. f5 Bxb3 16. cxb3 a4 17. bxa4 Rxa4 18. Kb1 Rxa2 19. Kxa2 Qa8+ 20. Kb3 Bxg5 21. Qd3 Nef6 22. Bg2 Bxe3 23. Qxe3 Ng4 24. Qf3 Rc8 25. Rxd6 Nc5+ 26. Kc2 Nb7+ 27. Kd2 Nxd6 28. Qxg4 Nc4+ 29. Ke1 Rd8 30. f6 g6 31. Qg5 Nxb2 32. Kf2 Nd1+ 33. Kg3 Rd3+ 34. Kh4 Ne3 35. Rc1 Nxg2+ 36. Qxg2 h6 37. Ng3 Qd8 38. Qc2 Kh7 39. Qc6 b3 40. Kh3 Rd2 41. Ra1 b2 0-1

[Event "FICGS theme 0001 email"]
[Site "FICGS email"]
[Date "2013.12.23"]
[Round "1"]
[White "Shvetsov, Pavel"]
[Black "Benone, Mateia"]
[Result "1-0"]
[WhiteElo "1801"]
[BlackElo "1186"]
[PlyCount "29"]
[EventDate "2013.??.??"]
[EventType "swiss (corr)"]
[EventRounds "1"]
[SourceTitle "Corr 2022"]
[Source "ChessBase"]
[SourceDate "2021.10.24"]
[SourceVersion "1"]
[SourceVersionDate "2021.10.24"]
[SourceQuality "1"]

1. e4 e5 2. Nf3 Nc6 3. Bc4 Bc5 4. b4 Bxb4 5. c3 Ba5 6. d4 exd4 7. 0-0 dxc3 8. Qb3 Qf6 9. Bg5 Qg6 10. Nxc3 Nf6 11. e5 d5 12. exf6 dxc4 13. Rae1+ Be6 14. fxg7 Qxg7 15. Qxb7 1-0